All Time Most Valuable France Players - Statistics

General Stats
  • This quiz has been taken 81 times
  • The average score is 88 of 234
Answer Stats
Club Pos Age Player Date Value % Correct
Paris Saint-Germain ST 19 Kylian Mbappe 12/2018 200.00
100%
Atletico Madrid SS 27 Antoine Griezmann 10/2018 150.00
97%
Lyon ST 23 Moussa Dembele 03/2020 50.00
93%
Barcelona RW 21 Ousmane Dembele 02/2019 120.00
93%
Arsenal ST 28 Thierry Henry 06/2006 50.00
93%
Real Madrid ST 28 Karim Benzema 02/2016 60.00
91%
Chelsea DM 27 N'Golo Kante 12/2018 100.00
91%
Manchester United CM 26 Paul Pogba 06/2019 100.00
91%
Bayern Munich LW 24 Kingsley Coman 03/2021 65.00
90%
Bayern Munich RB 24 Benjamin Pavard 09/2020 45.00
88%
Atletico Madrid CB 23 Lucas Hernandez 02/2019 70.00
88%
Real Madrid CB 25 Raphael Varane 07/2018 80.00
88%
Arsenal ST 28 Alexandre Lacazette 06/2019 70.00
87%
Real Madrid DM 22 Aurelien Tchouameni 12/2022 90.00
87%
Real Madrid CM 20 Eduardo Camavinga 06/2023 85.00
87%
Bayern Munich LW 26 Franck Ribery 01/2010 50.00
87%
Milan LB 25 Theo Hernandez 12/2022 60.00
87%
Arsenal ST 29 Olivier Giroud 02/2016 27.00
85%
Real Madrid AM 32 Zinedine Zidane 10/2004 25.00
85%
Milan GK 27 Mike Maignan 06/2023 45.00
84%
Eintracht Frankfurt ST 24 Randal Kolo Muani 06/2023 80.00
84%
RB Leipzig SS 24 Christopher Nkunku 06/2022 80.00
82%
Bayern Munich CM 23 Corentin Tolisso 07/2018 45.00
82%
Tottenham Hotspur GK 31 Hugo Lloris 07/2018 30.00
82%
Barcelona CB 24 Samuel Umtiti 07/2018 70.00
82%
Arsenal CB 22 William Saliba 06/2023 65.00
82%
RB Leipzig CB 21 Dayot Upamecano 09/2020 60.00
81%
Nice CM 22 Khephren Thuram 06/2023 40.00
81%
Borussia Monchengladbach ST 23 Marcus Thuram 11/2020 40.00
81%
Manchester City LB 24 Benjamin Mendy 10/2018 45.00
79%
Real Madrid LB 25 Ferland Mendy 03/2021 50.00
79%
Manchester United ST 22 Anthony Martial 01/2018 65.00
78%
Chelsea CB 21 Wesley Fofana 09/2022 65.00
75%
Monaco CM 23 Youssouf Fofana 11/2022 25.00
75%
Paris Saint-Germain CM 23 Adrien Rabiot 06/2018 50.00
73%
Barcelona CB 23 Clement Lenglet 06/2019 60.00
73%
Sevilla CB 22 Jules Kounde 03/2021 60.00
73%
Bayer Leverkusen RW 22 Moussa Diaby 06/2022 60.00
73%
Paris Saint-Germain CB 25 Presnel Kimpembe 01/2021 40.00
73%
Atletico Madrid AM 22 Thomas Lemar 07/2018 70.00
73%
Monaco ST 29 Wissam Ben Yedder 03/2020 50.00
73%
RB Leipzig CB 20 Ibrahima Konate 06/2019 45.00
72%
Everton LB 26 Lucas Digne 12/2019 35.00
70%
West Ham United AM 29 Dimitri Payet 07/2016 30.00
69%
Juventus ST 28 David Trezeguet 04/2006 30.00
67%
Chelsea ST 30 Nicolas Anelka 01/2010 30.00
67%
Manchester United LB 28 Patrice Evra 01/2010 27.00
67%
Arsenal DM 28 Patrick Vieira 10/2004 35.00
67%
Paris Saint-Germain CM 28 Blaise Matuidi 02/2016 30.00
66%
Arsenal CM 20 Matteo Guendouzi 12/2019 50.00
66%
Lyon AM 25 Nabil Fekir 12/2018 70.00
66%
Arsenal CB 30 Laurent Koscielny 02/2016 22.00
64%
Chelsea CB 25 Kurt Zouma 12/2019 35.00
63%
Monaco CB 21 Benoit Badiashile 11/2022 40.00
60%
Marseille RW 25 Florian Thauvin 06/2018 50.00
60%
Monaco CB 25 Axel Disasi 06/2023 30.00
58%
Marseille GK 27 Steve Mandanda 05/2012 17.00
58%
Paris Saint-Germain GK 26 Alphonse Areola 03/2019 17.50
57%
Chelsea DM 31 Claude Makelele 10/2004 18.00
57%
Barcelona LB 30 Eric Abidal 04/2010 20.00
57%
Arsenal RB 29 Bacary Sagna 06/2012 19.00
55%
Arsenal AM 24 Samir Nasri 08/2011 26.00
55%
Lyon LW 26 Florent Malouda 06/2007 20.00
54%
Crystal Palace RW 21 Michael Olise 06/2023 38.00
54%
Tottenham Hotspur CM 29 Moussa Sissoko 06/2019 25.00
54%
Manchester City CB 23 Eliaquim Mangala 10/2014 35.00
52%
Paris Saint-Germain LB 24 Layvin Kurzawa 10/2016 23.00
52%
Manchester United DM 26 Morgan Schneiderlin 02/2016 30.00
52%
Arsenal LM 30 Robert Pires 10/2004 22.00
52%
Paris Saint-Germain CM 17 Warren Zaire-Emery 06/2023 20.00
52%
Arsenal CB 30 William Gallas 07/2008 19.00
52%
Borussia Monchengladbach ST 25 Alassane Plea 12/2018 38.00
51%
Newcastle United LW 25 Allan Saint-Maximin 09/2022 40.00
51%
Bordeaux DM 28 Alou Diarra 07/2010 14.50
51%
Strasbourg DM 19 Habib Diarra 06/2023 10.00
51%
Real Madrid DM 24 Lassana Diarra 12/2009 24.00
51%
Lyon AM 19 Rayan Cherki 06/2023 30.00
51%
Lyon CM 22 Tanguy Ndombele 06/2019 65.00
51%
Manchester City LB 27 Gael Clichy 07/2013 16.00
49%
Roma CM 28 Jordan Veretout 03/2021 35.00
49%
Atletico Madrid ST 29 Kevin Gameiro 10/2016 25.00
49%
Sevilla DM 28 Steven Nzonzi 06/2017 30.00
48%
Toulouse ST 23 Andre-Pierre Gignac 09/2009 15.00
46%
Liverpool ST 23 Djibril Cisse 10/2004 20.00
46%
Chelsea DM 23 Tiemoue Bakayoko 01/2018 40.00
46%
Lyon RW 20 Bradley Barcola 06/2023 18.00
45%
Bayern Munich ST 17 Mathys Tel 09/2022 20.00
45%
RB Leipzig CB 22 Mohamed Simakan 11/2022 28.00
45%
RB Leipzig RB 22 Nordi Mukiele 12/2019 25.00
45%
Lyon RB 19 Malo Gusto 03/2023 25.00
43%
Borussia Monchengladbach CM 22 Manu Kone 06/2023 40.00
43%
Reims ST 19 Hugo Ekitike 05/2022 28.00
42%
Valencia CB 26 Adil Rami 02/2012 14.00
40%
Borussia Dortmund CB 20 Dan-Axel Zagadou 03/2020 35.00
40%
Valencia DM 28 Francis Coquelin 12/2019 24.00
40%
Mainz ST 21 Jean-Philippe Mateta 06/2019 22.00
40%
Brighton & Hove Albion ST 23 Neal Maupay 12/2019 22.00
40%
Monaco RB 25 Djibril Sidibe 01/2018 23.00
39%
Rennes LW 25 Martin Terrier 11/2022 35.00
39%
Milan CB 22 Pierre Kalulu 11/2022 35.00
39%
Paris Saint-Germain CM 28 Yohan Cabaye 07/2014 23.00
39%
Lyon CB 20 Castello Lukeba 06/2023 25.00
37%
Wolfsburg CB 21 Maxence Lacroix 06/2021 28.00
37%
Montpellier ST 20 Elye Wahi 06/2023 35.00
36%
Paris Saint-Germain AM 29 Hatem Ben Arfa 07/2016 14.00
36%
Marseille ST 25 Loic Remy 05/2012 19.00
36%
Milan DM 25 Mathieu Flamini 08/2009 13.50
36%
Koln ST 29 Anthony Modeste 06/2017 20.00
34%
Marseille DM 21 Boubacar Kamara 04/2021 37.00
34%
Leeds United GK 22 Illan Meslier 11/2022 22.00
34%
Lille RW 21 Jonathan Ikone 03/2020 40.00
34%
Manchester United ST 26 Louis Saha 10/2004 18.00
34%
Liverpool CB 23 Mamadou Sakho 09/2013 19.00
34%
Celtic ST 23 Odsonne Edouard 06/2021 17.00
34%
Nice CB 23 Jean-Clair Todibo 03/2023 30.00
33%
Bordeaux AM 23 Yoann Gourcuff 01/2010 24.00
33%
Nantes GK 24 Alban Lafont 03/2023 20.00
31%
Nice ST 22 Amine Gouiri 03/2022 50.00
31%
West Ham United CB 22 Issa Diop 06/2019 35.00
31%
Marseille AM 28 Mathieu Valbuena 05/2013 15.00
31%
Roma CB 26 Philippe Mexes 07/2008 20.00
31%
Monaco LW 21 Sofiane Diop 10/2021 20.00
31%
Nantes DM 25 Abdoulaye Toure 03/2019 10.00
30%
Lens GK 29 Brice Samba 06/2023 13.00
30%
Lens RB 29 Jonathan Clauss 05/2022 15.00
30%
Nice CB 20 Malang Sarr 06/2019 18.00
30%
Bayern Munich RB 28 Willy Sagnol 01/2006 15.00
30%
Lille CB 27 Mathieu Debuchy 08/2012 15.00
28%
Paris Saint-Germain ST 25 Jeremy Menez 01/2013 19.00
27%
Lyon DM 20 Lucas Tousart 01/2018 25.00
27%
Saint-Etienne GK 28 Stephane Ruffier 01/2015 10.00
27%
Marseille CM 28 Valentin Rongier 06/2023 22.00
27%
Bayer Leverkusen RW 23 Amine Adli 06/2023 20.00
25%
Rennes ST 27 Gaetan Laborde 12/2021 18.00
25%
Leeds United ST 20 Georginio Rutter 03/2023 22.00
25%
Brest DM 21 Ibrahima Diallo 08/2020 15.00
25%
Barcelona LB 30 Jeremy Mathieu 07/2014 15.00
25%
Lyon DM 25 Jeremy Toulalan 05/2009 22.00
24%
Rennes ST 20 Arnaud Kalimuendo 11/2022 25.00
22%
RB Leipzig ST 21 Jean-Kevin Augustin 10/2018 25.00
22%
Werder Bremen AM 31 Johan Micoud 10/2004 18.00
22%
Wolfsburg DM 29 Josuha Guilavogui 12/2019 14.00
22%
Rennes CB 21 Loic Bade 10/2021 17.00
22%
Barcelona RW 28 Ludovic Giuly 10/2004 15.00
22%
Lyon CM 22 Maxence Caqueret 05/2022 25.00
22%
Saint-Etienne AM 28 Remy Cabella 12/2018 14.00
22%
Rennes AM 17 Desire Doue 11/2022 15.00
19%
Toulouse DM 24 Etienne Capoue 05/2013 13.00
19%
Napoli RB 27 Kevin Malcuit 06/2019 16.00
19%
Lille CB 17 Leny Yoro 06/2023 10.00
19%
Bayern Munich CM 20 Michael Cuisance 10/2019 12.00
19%
Marseille CM 24 Morgan Sanson 06/2019 28.00
19%
Galatasaray RB 22 Sacha Boey 06/2023 16.00
19%
Paris Saint-Germain CB 17 Tanguy Nianzou 03/2020 12.00
19%
Rennes DM 21 Yann M'Vila 05/2012 21.00
19%
Lyon ST 27 Bafetimbi Gomis 01/2013 14.00
18%
Lille DM 30 Benjamin Andre 04/2021 15.00
18%
Schalke DM 29 Benjamin Stambouli 12/2019 12.00
18%
Paris Saint-Germain RB 21 Colin Dagba 09/2019 18.00
18%
Lorient AM 23 Enzo Le Fee 06/2023 20.00
18%
Lyon RW 26 Sidney Govou 08/2005 15.00
18%
Lyon RB 26 Leo Dubois 04/2021 16.00
16%
Lille AM 24 Marvin Martin 08/2012 12.00
16%
Lille DM 28 Rio Mavuba 08/2012 10.00
16%
Southampton LB 25 Romain Perraud 03/2023 12.00
16%
Rennes LB 21 Adrien Truffert 03/2023 18.00
15%
Lille DM 22 Boubakary Soumare 06/2021 28.00
15%
Monaco AM 18 Eliesse Ben Seghir 03/2023 18.00
15%
Eintracht Frankfurt CM 22 Junior Dina Ebimbe 06/2023 10.00
15%
Lyon DM 26 Maxime Gonalons 06/2015 16.00
15%
Fiorentina GK 27 Sebastien Frey 02/2008 20.00
15%
Rennes RM 28 Benjamin Bourigeaud 05/2022 18.00
13%
Montpellier GK 28 Benjamin Lecomte 06/2019 17.00
13%
Bordeaux GK 28 Cedric Carrasso 12/2010 10.00
13%
Strasbourg ST 28 Ludovic Ajorque 05/2022 16.00
13%
Marseille DM 22 Maxime Lopez 12/2019 17.00
13%
Angers AM 24 Angel Fulgini 04/2021 12.00
12%
Sassuolo LW 24 Armand Lauriente 03/2023 18.00
12%
Brest RW 25 Franck Honorat 03/2022 10.00
12%
Lyon AM 21 Jeff Reine-Adelaide 09/2019 25.00
12%
Lille GK 21 Lucas Chevalier 03/2023 10.00
12%
Nantes AM 25 Ludovic Blas 06/2023 20.00
12%
Nantes GK 25 Mickael Landreau 10/2004 11.00
12%
Nice DM 26 Pierre Lees-Melou 03/2020 10.00
12%
Brest RM 23 Romain Faivre 12/2021 15.00
12%
Spartak Moscow CB 27 Samuel Gigot 12/2020 11.00
12%
Monaco ST 27 Valere Germain 05/2017 10.00
12%
Tottenham Hotspur CB 26 Younes Kaboul 06/2012 15.00
12%
Lyon CB 22 Aly Cissokho 05/2010 13.00
10%
Rennes DM 27 Baptiste Santamaria 09/2022 16.00
10%
Lyon CM 23 Clement Grenier 08/2014 12.00
10%
Marseille LB 24 Jordan Amavi 05/2018 16.00
10%
Freiburg RB 20 Kiliann Sildillia 03/2023 12.00
10%
Sheffield United ST 24 Lys Mousset 07/2020 14.00
10%
Sevilla CB 28 Sebastien Squillaci 07/2009 18.00
10%
Nice AM 22 Alexis Claude-Maurice 06/2021 12.00
9%
Paris Saint-Germain ST 26 Guillaume Hoarau 12/2010 11.50
9%
Paris Saint-Germain LM 26 Jerome Rothen 10/2004 15.00
9%
Crystal Palace CM 20 Naouirou Ahamada 03/2023 10.00
9%
Monaco RB 27 Ruben Aguilar 04/2021 12.00
9%
Nimes AM 27 Teji Savanier 06/2019 12.00
9%
Sampdoria ST 27 Gregoire Defrel 10/2018 12.00
7%
Newcastle United CB 25 Jean-Alain Boumsong 01/2005 10.00
7%
Angers ST 18 Mohamed-Ali Cho 03/2022 15.00
7%
Marseille ST 25 Peguy Luyindula 10/2004 11.25
7%
Southampton ST 20 Sekou Mara 09/2022 12.00
7%
Nice CM 21 Vincent Koziello 10/2016 11.00
7%
Monaco ST 17 Willem Geubbels 09/2018 12.00
7%
Lille RB 22 Bafode Diakite 06/2023 10.00
6%
Aston Villa RW 25 Charles N'Zogbia 08/2011 12.00
6%
Strasbourg RB 27 Kenny Lala 06/2019 14.00
6%
RB Salzburg CB 23 Oumar Solet 06/2023 17.00
6%
Angers GK 23 Paul Bernardoni 01/2021 10.00
6%
Lyon RB 18 Sael Kumbedi 06/2023 12.00
6%
Torino CM 24 Soualiho Meite 12/2018 13.00
6%
Nice CB 20 Stanley Nsoki 03/2020 12.00
6%
Nice CM 24 Wylan Cyprien 09/2019 18.00
6%
Toulouse CB 22 Anthony Rouault 05/2023 10.00
4%
Atletico Madrid SS 23 Florent Sinama-Pongolle 10/2008 11.00
4%
Strasbourg CM 24 Jean-Ricner Bellegarde 03/2023 10.00
4%
Lyon DM 20 Johann Lepenant 11/2022 10.00
4%
Newcastle United LW 29 Laurent Robert 10/2004 11.00
4%
Saint-Etienne AM 18 Adil Aouchiche 10/2020 10.00
3%
Atalanta RB 20 Brandon Soppy 11/2022 10.00
3%
Rennes LB 22 Faitout Maouassa 10/2020 13.00
3%
Saint-Etienne DM 17 Lucas Gourna-Douath 04/2021 12.00
3%
Lyon DM 25 Mathieu Bodmer 05/2008 13.00
3%
Lille CB 26 Adama Soumaoro 12/2018 10.00
1%
Lorient CM 24 Jean-Victor Makengo 03/2023 10.00
1%
Montpellier DM 20 Joris Chotard 03/2022 10.00
1%
Rennes CB 21 Joris Gnagnon 01/2018 15.00
1%
Reims RW 22 Remi Oudin 06/2019 11.00
1%
Marseille DM 28 Benoit Cheyrou 12/2009 11.00
0%
Sevilla DM 25 Ibrahim Amadou 07/2018 15.00
0%
No matching quizzes found
Score Distribution
Percent of People with Each Score
Percentile by Number Answered
Your Score History
You have not taken this quiz